| 000 | 01181nam a22002057a 4500 | ||
|---|---|---|---|
| 999 |
_c60093 _d60093 |
||
| 003 | Ge_BSU | ||
| 005 | 20230607172804.0 | ||
| 008 | 230607s1964 ge ||||| |||| 00| 0 geo d | ||
| 041 | _ageo | ||
| 080 | _a910.4(450)(092) ჯ-81 | ||
| 100 |
_aჯუდიჩე, მილანელი _918553 |
||
| 245 |
_aწერილები საქართველოზე : _bXVII საუკ. / _cდონ ჯუზეპე ჯუდიჩე მილანელი; იტალ. ტექსტი თარგმნა, წინასიტყვ. და შენიშვნები დაურთო ბ. გიორგაძემ. |
||
| 264 |
_aთბილისი : _bსაბჭ. საქართველო, _c1964. |
||
| 300 |
_a135 გვ. : _b16ფ. ილ. ; _c22 სმ. |
||
| 653 | _aსაქართველოს ახალი ისტორია | ||
| 653 | _aუცხოური წყაროები. | ||
| 653 | _aკათოლიკე მისიონერები საქართველოში. | ||
| 700 |
_aგიორგაძე, ბეჟან _eმთარგმნელი _918554 |
||
| 942 |
_2udc _cBK |
||